Statistics for Famous male actors (photos)

Click here to take the quiz!

General Stats

  • This quiz has been taken 175 times
  • The average score is 32 of 44

Answer Stats

Answer% Correct
Leonardo DiCaprio
99%
Johnny Depp
93%
Tom Cruise
92%
Morgan Freeman
91%
Matt Damon
87%
Dwayne Johnson
86%
Robert Downey Jr.
86%
Nicolas Cage
84%
Bruce Willis
84%
Brad Pitt
82%
Samuel L. Jackson
82%
Robin Williams
81%
Robert De Niro
80%
Adam Sandler
80%
Jim Carrey
78%
Ben Affleck
78%
Mel Gibson
74%
Al Pacino
74%
Eddie Murphy
74%
Jack Nicholson
74%
Clint Eastwood
72%
Harrison Ford
72%
Ben Stiller
72%
Kevin Spacey
72%
Liam Neeson
70%
Ryan Gosling
69%
Sean Penn
68%
Alec Baldwin
68%
Bradley Cooper
68%
Jamie Foxx
68%
Hugh Jackman
66%
Kevin Bacon
62%
Mark Wahlberg
62%
Joaquin Phoenix
61%
Dustin Hoffman
61%
Kevin Costner
61%
Heath Ledger
59%
Russell Crowe
57%
Channing Tatum
57%
Christian Bale
55%
Jake Gyllenhaal
54%
Matthew McConaughey
52%
Ian McKellen
50%
Steve Martin
49%

Score Distribution

Percentile by Number Answered

Percent of People with Each Score

Your Score History

You have not taken this quiz